000 00548nam a2200193 i 4500
001 109954
003 ES-MaACL
005 20250807211223.0
007 t|
008 061121s1978 sp r ||||1| spa d
100 1 _aQutb, Muhammad.
_994810
245 1 3 _aLa mujer en el Islam /
_cpor Mohammad Qutb.
260 _aGranada :
_bCentro Islámico,
_c1978.
300 _a78 p. ;
_c17 cm.
650 7 _aMujeres en el islamismo
_2embne
_9174351
710 2 _aCentro Islámico (Granada)
_92752
852 4 _aES-MaACL
_jA-8793
999 _c109954
_d109954